gout redbulls - Statistiques

Statistiques générales
  • Ce quiz a été pris 300 fois
    43 depuis la dernière actualisation
  • Le résultat moyen est 4 sur 15
Statistiques - réponses
Hint Réponse % Correct
rouge pasteque
82%
Fushia Pêche blanche
64%
vert fruit du dragon
58%
orange clair abricot fraise
48%
blanc coco-açaï
48%
bleu juneberry
48%
jaune tropical
24%
violet açaï
15%
bleu clair mûre givrée vanille
15%
Blance Ecriture rouge Cerise Sakura
12%
Rouge degrade Jaune Pomme fuji Gingembre
9%
bleu foncé myrtilles
6%
rose foncé poire d'hiver
3%
rose baie sauvage
0%
bordeau pêche-nectarine
0%
Aucun quiz correspondant
Distribution des résultats
% des personnes avec chaque résultat
Percentile par nombre de réponses
Votre historique - résultats
Vous n’avez pas pris ce quiz depuis la dernière actualisation